[Event "BRA-ch 89th"]
[Site "Recife"]
[Date "2023.12.14"]
[Round "3"]
[White "Fiaes, Mario Henrique"]
[Black "Matsuura, Everaldo"]
[Result "0-1"]
[WhiteElo "2123"]
[BlackElo "2418"]
[PlyCount "72"]
[EventDate "2023.12.13"]
[EventType "swiss"]
[EventRounds "11"]
[EventCountry "BRA"]
[SourceTitle "CB52_2023"]
[SourceDate "2023.12.27"]
[SourceVersion "1"]
[SourceVersionDate "2023.12.27"]
[SourceQuality "1"]

1. d4 d5 2. c4 e6 3. Nf3 Nf6 4. Nc3 c6 5. cxd5 exd5 6. Bg5 Be7 7. Qc2 g6 8. e3 Bf5 9. Bd3 Bxd3 10. Qxd3 Nbd7 11. 0-0 0-0 12. Rab1 a5 13. Qc2 Re8 14. h3 Ne4 15. Bxe7 Qxe7 16. Nxe4 dxe4 17. Nd2 Nf6 18. Rfc1 Nd5 19. Qc5 Qh4 20. a3 Re6 21. Qc2 g5 22. Qd1 f5 23. Nc4 g4 24. Qf1 Qg5 25. g3 gxh3 26. Qxh3 Rh6 27. Qg2 Re8 28. Re1 Nf6 29. Ne5 Rxe5 30. dxe5 Ng4 31. f4 exf3 32. Qxf3 Nxe5 33. Qg2 Ng4 34. Qf3 Nh2 35. Qg2 Ng4 36. Re2 Rh2 0-1

[Event "Florianopolis op 6th"]
[Site "Florianopolis"]
[Date "2020.01.21"]
[Round "3"]
[White "Fiaes, Mario Henrique"]
[Black "Ulrich, Henning"]
[Result "1-0"]
[WhiteElo "2126"]
[BlackElo "1855"]
[PlyCount "63"]
[EventDate "2020.01.20"]
[EventType "swiss"]
[EventRounds "10"]
[EventCountry "BRA"]
[SourceTitle "CBM 194 Extra"]
[Source "ChessBase"]
[SourceDate "2020.03.31"]
[SourceVersion "1"]
[SourceVersionDate "2020.03.31"]
[SourceQuality "1"]

1. d4 Nf6 2. c4 g6 3. Nc3 Bg7 4. e4 d6 5. Be2 Nbd7 6. Be3 0-0 7. g4 e5 8. d5 b6 9. g5 Ne8 10. h4 a5 11. Bg4 Nc5 12. Bxc8 Qxc8 13. Qe2 f5 14. gxf6 Nxf6 15. Bg5 Nh5 16. 0-0-0 a4 17. Be3 Rf7 18. Nh3 Qf8 19. Kb1 Re8 20. Qg4 Nf6 21. Qg2 Nh5 22. Ng5 Nf4 23. Qg4 Rf6 24. Rdg1 Nfd3 25. Nh3 Nf4 26. Qd1 Rd8 27. Nxf4 exf4 28. Bd4 Rf7 29. h5 Bxd4 30. hxg6 hxg6 31. Qxd4 Qg7 32. Rxg6 1-0

[Event "Florianopolis op 6th"]
[Site "Florianopolis"]
[Date "2020.01.20"]
[Round "1"]
[White "Fiaes, Mario Henrique"]
[Black "Asth, Antonio Luiz Braga"]
[Result "1-0"]
[WhiteElo "2126"]
[BlackElo "1852"]
[PlyCount "131"]
[EventDate "2020.01.20"]
[EventType "swiss"]
[EventRounds "10"]
[EventCountry "BRA"]
[SourceTitle "CBM 194 Extra"]
[Source "ChessBase"]
[SourceDate "2020.03.31"]
[SourceVersion "1"]
[SourceVersionDate "2020.03.31"]
[SourceQuality "1"]

1. d4 d5 2. c4 e6 3. Nf3 a6 4. cxd5 exd5 5. Nc3 Nf6 6. Bg5 Be7 7. Qc2 h6 8. Bh4 0-0 9. e3 c6 10. Bd3 Be6 11. 0-0 Nbd7 12. Ne5 Nxe5 13. dxe5 Ng4 14. Bg3 Qc7 15. Be2 h5 16. h3 Nxe5 17. Bxh5 Bd6 18. Rfd1 Rac8 19. e4 Nc4 20. Bxd6 Qxd6 21. exd5 cxd5 22. Bf3 Ne5 23. Qe2 Nxf3+ 24. Qxf3 Rfd8 25. Rd4 Rc4 26. Qd3 Qb4 27. Rd1 Rxd4 28. Qxd4 Qxb2 29. Rb1 Qa3 30. Rxb7 Qc1+ 31. Kh2 Rc8 32. Ne2 Qc4 33. Qb2 Qc2 34. Nd4 Qxb2 35. Rxb2 Rc4 36. Rd2 a5 37. Kg3 a4 38. Kf4 Kf8 39. Ke3 Ke7 40. Rc2 Rxc2 41. Nxc2 d4+ 42. Kxd4 Bxa2 43. Kc3 Kd6 44. Kb4 Bb3 45. Ne1 Kd5 46. Nd3 g5 47. Nc5 Kd4 48. Nxb3+ axb3 49. Kxb3 Kd3 50. g3 Ke4 51. Kc3 f5 52. Kd2 Kf3 53. Ke1 f4 54. gxf4 Kxf4 55. Ke2 g4 56. hxg4 Kxg4 57. Ke3 Kf5 58. Kf3 Ke5 59. Kg4 Kf6 60. Kf4 Ke6 61. Kg5 Ke5 62. f3 Ke6 63. f4 Kf7 64. Kf5 Kf8 65. Kf6 Ke8 66. Kg7 1-0

[Event "BRA-ch sf Reg2 86th"]
[Site "Recife"]
[Date "2019.12.20"]
[Round "3"]
[White "Guimaraes, Diogo Duarte"]
[Black "Fiaes, Mario Henrique"]
[Result "1-0"]
[WhiteElo "2322"]
[BlackElo "2122"]
[PlyCount "54"]
[EventDate "2019.12.19"]
[EventType "swiss"]
[EventRounds "7"]
[EventCountry "BRA"]
[SourceTitle "CBM 194 Extra"]
[Source "ChessBase"]
[SourceDate "2020.03.31"]
[SourceVersion "1"]
[SourceVersionDate "2020.03.31"]
[SourceQuality "1"]

1. e4 e6 2. d4 d5 3. Nd2 dxe4 4. Nxe4 Nf6 5. Nxf6+ Qxf6 6. Nf3 Qd8 7. Bd3 Nd7 8. 0-0 Be7 9. Qe2 Nf6 10. b3 0-0 11. Bb2 b6 12. c4 Bb7 13. Rad1 a5 14. Rfe1 Re8 15. Ne5 a4 16. Qc2 axb3 17. axb3 Ra2 18. Qc3 Bd6 19. Bb1 Ra7 20. Qh3 g6 21. Re3 Nh5 22. Rde1 Nf4 23. Qh6 Bxe5 24. Rxe5 Nxg2 25. d5 Nxe1 26. Rxe6 f6 27. Bxf6 Rxe6 1-0

[Event "Bahia zt"]
[Site "Ilheus"]
[Date "2019.04.20"]
[Round "2"]
[White "Lenares, Braulio Cardoso"]
[Black "Fiaes, Mario Henrique"]
[Result "0-1"]
[WhiteElo "1932"]
[BlackElo "2153"]
[PlyCount "22"]
[EventDate "2019.04.19"]
[EventType "swiss"]
[EventRounds "6"]
[EventCountry "BRA"]
[SourceTitle "CBM 190 Extra"]
[Source "ChessBase"]
[SourceDate "2019.07.15"]
[SourceVersion "1"]
[SourceVersionDate "2019.07.15"]
[SourceQuality "1"]

1. d4 Nf6 2. Bg5 e6 3. e4 h6 4. Bxf6 Qxf6 5. Nf3 c5 6. Nc3 a6 7. e5 Qd8 8. Ne4 Qb6 9. Rb1 cxd4 10. Qxd4 Qa5+ 11. Qc3 Bb4 0-1

[Event "BRA-ch 85th sf Reg2"]
[Site "Manaus"]
[Date "2018.11.01"]
[Round "1"]
[White "Frankental, David"]
[Black "Fiaes, Mario Henrique"]
[Result "0-1"]
[WhiteElo "1895"]
[BlackElo "2176"]
[PlyCount "116"]
[EventDate "2018.11.01"]
[EventType "swiss"]
[EventRounds "7"]
[EventCountry "BRA"]
[SourceTitle "CBM 189 Extra"]
[Source "ChessBase"]
[SourceDate "2019.06.03"]
[SourceVersion "1"]
[SourceVersionDate "2019.06.03"]
[SourceQuality "1"]

1. d4 Nf6 2. Nf3 e6 3. g3 b6 4. Bg2 Bb7 5. 0-0 Be7 6. c4 0-0 7. b3 d5 8. cxd5 Bxd5 9. Bb2 Nbd7 10. Nbd2 Ne4 11. Nxe4 Bxe4 12. Nd2 Bxg2 13. Kxg2 c5 14. dxc5 Nxc5 15. Ba3 Qd5+ 16. Nf3 Qb7 17. Bxc5 Bxc5 18. e3 Rfd8 19. Qe2 a5 20. Rfd1 Qe4 21. Rxd8+ Rxd8 22. Rd1 Ra8 23. Qd3 Qxd3 24. Rxd3 f6 25. a4 Rb8 26. Nd2 Bb4 27. Nc4 b5 28. axb5 Rxb5 29. Rd7 h6 30. Nd6 Rd5 31. Rd8+ Kh7 32. Nf7 Be7 33. Rb8 Rd7 34. e4 e5 35. f4 exf4 36. gxf4 Bb4 37. Nd8 Bd6 38. Ra8 Bxf4 39. Ne6 Rd2+ 40. Kf3 Bxh2 41. Rxa5 Rd6 42. Nc5 Bg1 43. Na4 g5 44. b4 Kg6 45. b5 h5 46. Ra6 Rd3+ 47. Ke2 Re3+ 48. Kf1 Bh2 49. Nc5 h4 50. Kf2 Rc3 51. Nd7 g4 52. Rxf6+ Kg7 53. Rc6 Bg3+ 54. Kg1 Rb3 55. b6 h3 56. Rc1 Bf4 57. Nc5 Rxb6 58. Rf1 Be3+ 0-1

[Event "Salvador Bahia-ch"]
[Site "Salvador"]
[Date "2017.12.17"]
[Round "5"]
[White "Fiaes, Mario Henrique"]
[Black "Da Silva, Claus Benicio"]
[Result "1-0"]
[WhiteElo "2143"]
[BlackElo "1642"]
[PlyCount "171"]
[EventDate "2017.12.15"]
[EventType "swiss"]
[EventRounds "5"]
[EventCountry "BRA"]
[SourceTitle "CBM 182 Extra"]
[Source "ChessBase"]
[SourceDate "2018.02.23"]
[SourceVersion "1"]
[SourceVersionDate "2018.02.23"]
[SourceQuality "1"]

1. a4 d5 2. d4 Nf6 3. c4 e6 4. Nf3 c6 5. Qc2 Be7 6. Nc3 0-0 7. Bg5 Na6 8. e3 Nb4 9. Qb3 Qb6 10. Nd2 a5 11. Be2 h6 12. Bf4 Bd7 13. 0-0 c5 14. dxc5 Bxc5 15. cxd5 Nfxd5 16. Nxd5 Nxd5 17. Bg3 Qxb3 18. Nxb3 Bb6 19. Rfd1 Bc6 20. Nd4 Bxd4 21. Rxd4 Nb4 22. Bd1 Rfd8 23. Bd6 Rd7 24. Bc5 Rxd4 25. Bxd4 Nd5 26. e4 Nb4 27. f3 Ra6 28. b3 Ra8 29. Kf1 Rc8 30. Bb6 Ra8 31. Be2 Bd7 32. Rd1 Bc6 33. Rc1 Be8 34. Rc7 Bc6 35. Re7 Kf8 36. Bc5 Kg8 37. Bxb4 axb4 38. Bc4 Ra5 39. Ke2 b5 40. axb5 Bxb5 41. Rc7 Bxc4+ 42. Rxc4 Rb5 43. Rc8+ Kh7 44. Kd3 e5 45. Kc4 Rb7 46. Rc5 f6 47. h4 h5 48. f4 exf4 49. Rxh5+ Kg6 50. Rf5 Rb8 51. Rxf4 Rb7 52. g4 Rb8 53. Rf5 Re8 54. Kd4 Rb8 55. Rd5 Rb7 56. e5 fxe5+ 57. Rxe5 Rf7 58. Re4 Rc7 59. Kd5 Rb7 60. Kc5 Kf6 61. Rxb4 Rc7+ 62. Kd6 Rc1 63. Rf4+ Kg6 64. b4 Rd1+ 65. Kc5 Rc1+ 66. Rc4 Rh1 67. b5 Rxh4 68. b6 Rh8 69. b7 Kf6 70. Kc6 Re8 71. Kc7 Re7+ 72. Kb6 Re8 73. Rc8 Re6+ 74. Rc6 Rxc6+ 75. Kxc6 Kg5 76. b8Q Kxg4 77. Kd5 g5 78. Ke4 Kh3 79. Kf3 g4+ 80. Kf2 Kh4 81. Qg8 Kh5 82. Ke3 Kh4 83. Kf4 Kh3 84. Qxg4+ Kh2 85. Kf3 Kh1 86. Qg2# 1-0

[Event "Salvador Bahia-ch"]
[Site "Salvador"]
[Date "2017.12.16"]
[Round "2"]
[White "Zallio, Luciano de Souza"]
[Black "Fiaes, Mario Henrique"]
[Result "1-0"]
[WhiteElo "2220"]
[BlackElo "2143"]
[PlyCount "155"]
[EventDate "2017.12.15"]
[EventType "swiss"]
[EventRounds "5"]
[EventCountry "BRA"]
[SourceTitle "CBM 182 Extra"]
[Source "ChessBase"]
[SourceDate "2018.02.23"]
[SourceVersion "1"]
[SourceVersionDate "2018.02.23"]
[SourceQuality "1"]

1. d4 Nf6 2. Nf3 d5 3. e3 c5 4. c4 cxd4 5. exd4 g6 6. Nc3 Bg7 7. c5 0-0 8. Bd3 Bg4 9. 0-0 Nc6 10. Be2 Ne4 11. Be3 e6 12. h3 Bxf3 13. Bxf3 f5 14. Bxe4 fxe4 15. Rb1 Qh4 16. b4 Qf6 17. Ne2 a5 18. b5 Ne7 19. Qd2 Nf5 20. Bg5 Qf7 21. f3 Qd7 22. fxe4 dxe4 23. Be3 Rad8 24. Rfd1 Qd5 25. Nf4 Qd7 26. Ne2 Qd5 27. Nf4 Qd7 28. Ne2 Rfe8 29. Bg5 Ra8 30. g4 Ne7 31. Bxe7 Qxe7 32. Qe3 e5 33. d5 Qh4 34. Kg2 Rf8 35. Rf1 Rf3 36. Rxf3 exf3+ 37. Qxf3 Rf8 38. Qg3 Qf6 39. Nc3 e4 40. Nxe4 Qd4 41. Re1 Qxd5 42. Qb3 Qxb3 43. axb3 Rd8 44. Nd6 b6 45. Re8+ Rxe8 46. Nxe8 Be5 47. c6 Kf8 48. c7 Bxc7 49. Nxc7 Ke7 50. Nd5+ Kd6 51. Nxb6 Kc5 52. Nc4 Kxb5 53. Nd2 Kb4 54. Kf3 Kc3 55. Ke3 g5 56. Nc4 a4 57. bxa4 Kxc4 58. Ke4 Kb4 59. Kf5 Kxa4 60. Kxg5 Kb5 61. Kh6 Kc6 62. Kxh7 Kd6 63. g5 Ke5 64. g6 Kf5 65. g7 Kf4 66. g8Q Ke4 67. Qg5 Kd3 68. h4 Kd4 69. h5 Ke4 70. Kg6 Kd3 71. h6 Kd4 72. h7 Ke4 73. h8Q Kd3 74. Qh3+ Ke4 75. Qhf5+ Kd4 76. Qf3 Kc4 77. Qgd5+ Kb4 78. Qfb3# 1-0

[Event "Salvador Bahia-ch"]
[Site "Salvador"]
[Date "2017.12.15"]
[Round "1"]
[White "Fiaes, Mario Henrique"]
[Black "Stone, Jaime Arturo Peralt"]
[Result "1-0"]
[WhiteElo "2143"]
[BlackElo "1807"]
[PlyCount "65"]
[EventDate "2017.12.15"]
[EventType "swiss"]
[EventRounds "5"]
[EventCountry "BRA"]
[SourceTitle "CBM 182 Extra"]
[Source "ChessBase"]
[SourceDate "2018.02.23"]
[SourceVersion "1"]
[SourceVersionDate "2018.02.23"]
[SourceQuality "1"]

1. e4 e5 2. Nf3 Nc6 3. Bc4 Nf6 4. d3 h6 5. 0-0 Bc5 6. c3 0-0 7. d4 exd4 8. cxd4 Bb6 9. e5 Ne8 10. Nc3 d6 11. h3 Bf5 12. Bf4 g5 13. Be3 Ng7 14. Nd5 Ne8 15. Re1 Ne7 16. Nc3 d5 17. Bd3 Ng7 18. h4 g4 19. Nh2 h5 20. Nf1 c6 21. Ng3 Bg6 22. Qd2 Kh7 23. Nce2 Ne6 24. Nf4 Nxf4 25. Bxf4 Kg8 26. Bg5 Qd7 27. Bf6 Kh7 28. Qg5 Ng8 29. Qxh5+ Nh6 30. Bg5 Rh8 31. Bxg6+ fxg6 32. Qxh6+ Kg8 33. Qxg6+ 1-0

[Event "Natal Regiion-ch sf"]
[Site "Natal"]
[Date "2017.11.04"]
[Round "5"]
[White "Fiaes, Mario Henrique"]
[Black "Frankental, David"]
[Result "1-0"]
[WhiteElo "2165"]
[BlackElo "1895"]
[PlyCount "113"]
[EventDate "2017.11.02"]
[EventType "swiss"]
[EventRounds "7"]
[EventCountry "BRA"]
[SourceTitle "CBM 181 Extra"]
[Source "ChessBase"]
[SourceDate "2017.12.12"]
[SourceVersion "1"]
[SourceVersionDate "2017.12.12"]
[SourceQuality "1"]

1. d4 d5 2. c4 c6 3. Nc3 Nf6 4. Nf3 e6 5. Bg5 Nbd7 6. e3 Qa5 7. Bxf6 Nxf6 8. a3 Ne4 9. Rc1 dxc4 10. Bxc4 Nxc3 11. Rxc3 b5 12. b4 Bxb4 13. axb4 Qxb4 14. Qb3 a5 15. Bd3 Qxb3 16. Rxb3 a4 17. Rb4 Bd7 18. Kd2 Ke7 19. Ne5 f6 20. Nxd7 Kxd7 21. Be4 Rab8 22. Rc1 Rhc8 23. g4 h6 24. f4 Kd6 25. Rc5 Rb6 26. Kc3 Re8 27. Kd3 g5 28. Rb1 Ra8 29. Rbc1 Raa6 30. Kc3 b4+ 31. Kb2 b3 32. Ra1 gxf4 33. Bd3 a3+ 34. Rxa3 Rxa3 35. Kxa3 b2 36. Bb1 fxe3 37. Rc3 Kd5 38. Rxe3 Kxd4 39. Rxe6 Kc3 40. Re3+ Kd2 41. Rf3 c5 42. Ka2 c4 43. Bg6 c3 44. Rd3+ Ke2 45. Rxc3 Kf2 46. Kb1 Kg2 47. h4 Rb4 48. Bf5 h5 49. g5 fxg5 50. hxg5 Rb5 51. Be4+ Kh2 52. g6 h4 53. g7 Rg5 54. Rc7 h3 55. Bh7 Kh1 56. g8Q h2 57. Be4+ 1-0

[Event "Recife Arraes Memorial 10th"]
[Site "Recife"]
[Date "2017.10.07"]
[Round "3"]
[White "Santiago, Yago de Moura"]
[Black "Fiaes, Mario Henrique"]
[Result "1/2-1/2"]
[WhiteElo "2507"]
[BlackElo "2143"]
[PlyCount "160"]
[EventDate "2017.10.06"]
[EventType "swiss"]
[EventRounds "6"]
[EventCountry "BRA"]
[SourceTitle "CBM 181 Extra"]
[Source "ChessBase"]
[SourceDate "2017.12.12"]
[SourceVersion "1"]
[SourceVersionDate "2017.12.12"]
[SourceQuality "1"]

1. d4 Nf6 2. c4 e6 3. Nf3 d5 4. Nc3 Bb4 5. Qb3 c5 6. dxc5 Qa5 7. Bd2 dxc4 8. Qxc4 Qxc5 9. Qh4 Nc6 10. a3 Bxc3 11. Bxc3 Qe7 12. e4 a6 13. Ne5 Nxe5 14. Bxe5 0-0 15. Be2 Bd7 16. Rd1 Rfd8 17. Bd6 Qe8 18. e5 Nd5 19. Bd3 g6 20. Qh6 Bb5 21. 0-0 Ne7 22. Bxb5 axb5 23. g4 Ra4 24. Qg5 Nd5 25. Bb4 Rc8 26. Rd4 Ra6 27. Rfd1 Rac6 28. h4 Rc4 29. h5 Rxd4 30. Rxd4 Qd8 31. Qxd8+ Rxd8 32. b3 Rc8 33. Bd2 Kf8 34. a4 bxa4 35. Rxa4 Ke8 36. Ra7 Rb8 37. Kf1 Kd7 38. Ke2 Kc6 39. Ra1 Rd8 40. Rh1 b6 41. hxg6 hxg6 42. Rh7 Rd7 43. f4 Nc7 44. Be3 Nd5 45. Bd2 Nc7 46. Be3 Nd5 47. Kf3 Nxe3 48. Kxe3 Kb5 49. f5 gxf5 50. gxf5 exf5 51. Kf4 Re7 52. Kxf5 Kb4 53. Kf6 Re6+ 54. Kf5 Re7 55. Rh3 b5 56. Rf3 Ka3 57. Ke4 Kb4 58. Kd5 Rd7+ 59. Kc6 Re7 60. Kd5 Rd7+ 61. Kc6 Re7 62. Kd6 Re6+ 63. Kd5 Re7 64. Re3 Re6 65. Rg3 Re7 66. Rh3 Rd7+ 67. Ke4 Re7 68. Kf4 Re6 69. Kf5 Re7 70. Rd3 Re8 71. Rd7 Kxb3 72. Rxf7 b4 73. e6 Kc2 74. e7 b3 75. Ke6 b2 76. Rf2+ Kc1 77. Kd7 Rxe7+ 78. Kxe7 b1Q 79. Rf1+ Kc2 80. Rxb1 Kxb1 1/2-1/2